| Поле | Название | Значение |
| |
Тип записи |
a |
| |
Библиографический уровень |
m |
| 001 |
Контрольный номер |
RU/SLIB/B/208761537 |
| 005 |
Дата корректировки |
20201206204219.6 |
| 010 |
Индекс ISBN |
__ |
| a |
ISBN |
5-89194-141-4 |
| d |
Цена |
239-50 |
| 100 |
Данные общей обработки |
__ |
| a |
Данные общей обработки |
19030414d2003 |||y0rusy0189 ca |
| 101 |
Язык документа |
0_ |
| a |
Язык текста |
rus |
| c |
Язык оригинала |
rus |
| 102 |
Страна публикации |
__ |
| a |
Страна публикации |
RU |
| 105 |
Кодированные данные (монография) |
__ |
| a |
Кодированные данные (монография) |
y |||||||zy |
| 200 |
Заглавие и сведения об ответственности |
__ |
| a |
Заглавие |
Комментарий к Федеральному закону о несостоятельности (банкротстве) |
| f |
Первые сведения об ответственности |
[С. Е. Андреев и др.] ; под ред. В. В. Залесского |
| b |
Общее обозначение материала |
Текст |
| 210 |
Выходные данные |
__ |
| a |
Место издания |
М. |
| c |
Издательство |
Тихомиров М. Ю. |
| d |
Дата издания |
2004 |
| 215 |
Физическое описание |
__ |
| a |
Объем |
616 с. |
| 330 |
Аннотация |
__ |
| a |
Аннотация |
Правовое регулирование отношений, связанных с банкротством, практические рекомендации. |
| 605 |
Заглавие как предмет |
__ |
| a |
Заглавие |
Федеральные закон "О несостоятельности /банкротстве/" |
| 605 |
Заглавие как предмет |
__ |
| a |
Заглавие |
О несостоятельности /банкротстве/ : Федер. закон РФ от 26.10.2002 г. |
| 606 |
Тематические рубрики |
__ |
| a |
Основная рубрика |
Право |
| z |
Хронологическая подрубрика |
20 в.; 21 в. |
| y |
Географическая подрубрика |
Российская Федерация; РФ; Россия |
| 606 |
Тематические рубрики |
__ |
| a |
Основная рубрика |
Общая часть гражданского права |
| 610 |
Ключевые слова |
__ |
| a |
Ключевые слова |
банкротство; несостоятельность; несостоятельность предприятия; комментарии; законодательство; предпринимательское право; арбитражная практика; финансовое оздоровление; конкурсное производство; юридические лица; градообразующие предприятия; сельскохозяйственные организации; граждане; индивидуальные предприниматели; крестьянское хозяйство; фермерские хозяйства; упрощенная процедура банкротства; законы; гражданское законодательство |
| 686 |
Индексы других классификаций |
__ |
| a |
Классификационный индекс |
67.404.013(2Рос) |
| 702 |
Вторичная интеллектуальная ответственность |
_1 |
| a |
Фамилия |
Андреев |
| b |
Имя |
С. Е. |
| 4 |
Код отношения |
Автор |
| g |
Полное личное имя |
Сергей Евгеньевич |
| 4 |
Код отношения |
070 |
| 702 |
Вторичная интеллектуальная ответственность |
_1 |
| a |
Фамилия |
Колосова |
| b |
Имя |
Н. М. |
| 4 |
Код отношения |
Автор |
| 4 |
Код отношения |
070 |
| 702 |
Вторичная интеллектуальная ответственность |
_1 |
| a |
Фамилия |
Крюкова |
| b |
Имя |
Е. А. |
| 4 |
Код отношения |
Автор |
| 4 |
Код отношения |
070 |
| 702 |
Вторичная интеллектуальная ответственность |
_1 |
| a |
Фамилия |
Куликов |
| b |
Имя |
А. Д. |
| 4 |
Код отношения |
Автор |
| 4 |
Код отношения |
070 |
| 702 |
Вторичная интеллектуальная ответственность |
_1 |
| a |
Фамилия |
Новичихина |
| b |
Имя |
Н. В. |
| 4 |
Код отношения |
Автор |
| 4 |
Код отношения |
070 |
| 702 |
Вторичная интеллектуальная ответственность |
_1 |
| a |
Фамилия |
Тихомиров |
| b |
Имя |
М. Ю. |
| 4 |
Код отношения |
Автор |
| 4 |
Код отношения |
070 |
| 702 |
Вторичная интеллектуальная ответственность |
_1 |
| a |
Фамилия |
Федотова |
| b |
Имя |
Г. А. |
| 4 |
Код отношения |
Автор |
| 4 |
Код отношения |
070 |
| 702 |
Вторичная интеллектуальная ответственность |
_1 |
| a |
Фамилия |
Залесский |
| b |
Имя |
В. В. |
| 4 |
Код отношения |
Редактор |
| 4 |
Код отношения |
340 |
| 801 |
Источник записи |
_0 |
| a |
Страна |
RU |
| b |
Организация |
Муниципальное бюджетное учреждение культуры "Централизованная библиотечная система" г. Сургут (Центральная городская библиотека им. А. С. Пушкина) |
| c |
Дата составления |
20030414 |
| g |
Правила каталогизации |
КиК/Котельникова |
| 801 |
Источник записи |
_1 |
| a |
Страна |
RU |
| b |
Организация |
Муниципальное бюджетное учреждение культуры "Централизованная библиотечная система" г. Сургут (Центральная городская библиотека им. А. С. Пушкина) |
| c |
Дата составления |
20030414 |
| g |
Правила каталогизации |
КиК/Котельникова |
| 852 |
Данные о местонахождении |
__ |
| j |
Шифр хранения |
67.404.013(2Рос) |
| i |
Авторский знак |
К 63 |
| p |
Инвентарный номер |
05040836 |
| 901 |
Тип документа |
__ |
| t |
Тип документа |
m |
| 903 |
Характеристики (МАРС) |
__ |
| a |
Дата передачи |
20050415 |
| 990 |
Данные о заказе (DOS) |
__ |
| t |
N записи в КСУ для И/У (DOS) |
200504 |
| j |
Количество экземпляров (DOS) |
1 |